Practice note makes perfect (Record no. 81529)

MARC details
000 -LEADER
fixed length control field 01025cad a22002175a 4500
001 - CONTROL NUMBER
control field L147412
008 - FIXED-LENGTH DATA ELEMENTS--GENERAL INFORMATION
fixed length control field 090508s2009 xxk f 000 0 eng d
035 ## - SYSTEM CONTROL NUMBER
System control number (Sirsi) u147412
041 0# - LANGUAGE CODE
Language code of text/sound track or separate title eng
100 1# - MAIN ENTRY--PERSONAL NAME
Personal name Ellis, Graham
245 00 - TITLE STATEMENT
Title Practice note makes perfect
Medium [electronic resource]
260 ## - PUBLICATION, DISTRIBUTION, ETC.
Date of publication, distribution, etc. 2009
490 ## - SERIES STATEMENT
Series statement RICS Residential Property Journal
Volume/sequential designation May-June 2009, 12-13(2)
520 ## - SUMMARY, ETC.
Summary, etc. Highlights the contents of the RICS Homebuyer Service 2009 Practice Note 3rd edition. Outlines the key differences between the RICS Homebuyer Survey and Valuation Service 2005 Practice Notes and the 2009 edition section by section.
520 ## - SUMMARY, ETC.
Summary, etc. Article is member-only content and members must be registered with www.rics.org to access it
590 ## - LOCAL NOTE (RLIN)
Local note KA
651 #4 - SUBJECT ADDED ENTRY--GEOGRAPHIC NAME
Geographic name England and Wales
Chronological subdivision 1543-
690 ## - LOCAL SUBJECT ADDED ENTRY--TOPICAL TERM (OCLC, RLIN)
Topical term or geographic name as entry element PROPERTY-RESIDENTIAL PROPERTY-RESIDENTIAL PROPERTY APPRAISAL AND VALUATION
856 40 - ELECTRONIC LOCATION AND ACCESS
Uniform Resource Identifier <a href="https://www.rics.org/site/download_feed.aspx?fileID=5567">https://www.rics.org/site/download_feed.aspx?fileID=5567</a>
Public note View this item (member-only access) at www.rics.org
942 ## - ADDED ENTRY ELEMENTS (KOHA)
Suppress in OPAC 0
Holdings
Withdrawn status Lost status Source of classification or shelving scheme Damaged status Not for loan Home library Current library Shelving location Date acquired Total Checkouts Full call number Barcode Date last seen Copy number Price effective from Koha item type
    Dewey Decimal Classification     Virtual Virtual Online 13/05/2009   ONLINE PUBLICATION 147412-1001 06/08/2019 1 06/08/2019 Book